| 000 | 00000nam##2200000za#4500 |
| 001 | 9.580644 |
| 003 | CaOODSP |
| 005 | 20210624191134 |
| 007 | cr ||||||||||| |
| 008 | 150406|2014||||xxc|||||o f|0| 0 eng|d |
| 020 | |a978-1-100-24932-2 |
| 040 | |aCaOODSP|beng |
| 043 | |an-cn--- |
| 086 | 1 |aIu172-1/2011-1E-PDF |
| 110 | 1 |aCanada. |bIndustry Canada. |
| 245 | 10|aDo very large producers contribute to the Canada-U.S. productivity gap? : |h[electronic resource]|bevidence from manufacturing / |c[by] Michael-John Almon, Jianmin Tang. |
| 260 | |aOttawa - Ontario : |bIndustry Canada |cc2014. |
| 300 | |a18p.|bgraph, references, tables |
| 490 | 1 |aEconomic Research and Policy Analysis Branch working paper series|v2011-01 |
| 590 | |a15-11|b2015-03-13 |
| 690 | 07|aProductivity|2gcpds |
| 775 | 08|tLes très gros producteurs contribuent-ils à l'écart de productivité entre le Canada et les États-Unis? : |w(CaOODSP)9.607500 |
| 830 | #0|aEconomic Research and Policy Analysis Branch working paper series ;|v2011-01|w(CaOODSP)9.507626 |
| 856 | 40|ahttp://publications.gc.ca|qPDF|s755 KB|uhttps://publications.gc.ca/collections/collection_2015/ic/Iu172-1-2011-1-eng.pdf|y2011-01 |